Crisis del cooperativismo financiero en Colombia, 1996-1998

Salvato in:
Dettagli Bibliografici
Autori principali: Padilla Piraquive, Martha Rocío (autora), Atehortúa Cruz, Adolfo León (Autore)
Natura: Libro
Lingua:spagnolo
Pubblicazione: Bogotá Universidad Pedagógica Nacional 2005
Edizione:1a. ed
Soggetti:
Tags: Aggiungi Tag
Nessun Tag, puoi essere il primo ad aggiungerne!!

MARC

LEADER 00000nam a2200000 a 4500
001 UCK5333
003 CL-VaPUC
008 050722e20050000CK |||||||||||||||||spa|d
020 |a 9588226465 
082 0 4 |a 334.2  |b PAD  |2 21 
100 |a Padilla Piraquive, Martha Rocío  |e autora  |9 494062 
700 0 |a Atehortúa Cruz, Adolfo León  |e author  |9 494063 
245 1 0 |a Crisis del cooperativismo financiero en Colombia, 1996-1998 
250 |a 1a. ed 
300 |a 151 p 
942 |c BK 
945 |d 20050722 00:00:00  |a cmena 
260 |a Bogotá  |b Universidad Pedagógica Nacional  |c 2005 
650 7 |a COOPERATIVISMO  |2 CL-VaPUC  |9 311346 
650 0 |a Administración financiera  |9 261146 
650 7 |a CRISIS ECONOMICA  |2 CL-VaPUC  |9 494064 
650 7 |a INSTITUCIONES FINANCIERAS  |2 CL-VaPUC  |9 257940 
650 0 |a Política gubernamental  |9 262286 
651 0 |a Colombia  |9 256424 
583 |a last modification  |c 20050722 00:00:00  |k Rodrigo Vera 
999 |c 313910  |d 313908 
952 |0 0  |1 0  |4 0  |6 334_200000000000000_PAD_2005  |7 0  |8 A  |9 385702  |a BIBGIM  |b BIBGIM  |d 2019-11-22  |i 4149467  |o 334.2 PAD 2005  |p 4149467  |r 2025-01-15  |w 2019-11-22  |y BK  |k GIM